Timing for animation.
Gorde:
| Egile Nagusiak: | , |
|---|---|
| Beste egile batzuk: | |
| Formatua: | Liburua |
| Argitaratua: |
Burlington, USA:
Focal Press,
2009.
|
| Edizioa: | Second edition. |
| Gaiak: | |
| Sarrera elektronikoa: | Disponible Online |
| Etiketak: |
Etiketa erantsi
Etiketarik gabe, Izan zaitez lehena erregistro honi etiketa jartzen!
|
MARC
| LEADER | 00000nam a22000007a 4500 | ||
|---|---|---|---|
| 003 | CL-VaPUC | ||
| 005 | 20250408151705.0 | ||
| 008 | 250317t2009 ||||| |||| 00| 0 eng d | ||
| 999 | |c 447418 |d 447416 | ||
| 020 | |a 978-0-240-52160-2 | ||
| 020 | |a 9780080951720 (electronic bk.) | ||
| 020 | |a 0080951724 (electronic bk.) | ||
| 020 | |z 9786612290428 | ||
| 040 | |c Pontificia Universidad Católica de Valparaíso | ||
| 082 | 0 | 0 | |a 778.5347 WHI 2009 |2 22 |
| 100 | 1 | |a Whitaker, Harold, |d 1920-2013. |e author |9 897008 | |
| 245 | 1 | 0 | |a Timing for animation. |
| 250 | |a Second edition. | ||
| 260 | |a Burlington, USA: |b Focal Press, |c 2009. | ||
| 300 | |a xv, 157 páginas : |b ilustraciones. | ||
| 500 | |a c.1. Instituto Arcos 8-1-2025. | ||
| 500 | |a Title from e-book title screen (viewed Sept. 22, 2009). | ||
| 583 | |c 20250317 |k GC | ||
| 650 | 0 | |a Animación (Cinematografía) |9 897009 | |
| 700 | 1 | |a Halas, John. |e author |9 897010 | |
| 700 | 1 | |a Sito, Tom |e updated |9 897013 | |
| 856 | 4 | 0 | |u https://pucv.idm.oclc.org/login?url=https://search.ebscohost.com/login.aspx?direct=true&scope=site&db=nlebk&db=nlabk&AN=297175 |y Disponible Online |3 EBSCOhost |
| 942 | |2 ddc |c BK |n 0 | ||
| 952 | |0 0 |1 0 |2 ddc |4 0 |6 778_534700000000000_WHI_2009 |7 0 |8 A |9 601422 |a BIBINC |b BIBINC |d 2025-03-17 |e Instituto Arcos |i 5666359 |l 1 |o 778.5347 WHI 2009 |p 5666359 |r 2025-04-15 |s 2025-03-28 |t 1 |w 2025-03-17 |y BK |k IFP | ||
| 952 | |0 0 |1 0 |2 ddc |4 0 |7 5 |8 A |9 602289 |a BIBINC |b BIBINC |c ONLINE |d 2025-04-08 |e Instituto Arcos |i 447418 |p 447418 |r 2025-04-08 |w 2025-04-08 |y EBK | ||